[Event "SLO-ch U14"]
[Site "Ptuj"]
[Date "2017.03.03"]
[Round "9"]
[White "Zizek, Rene"]
[Black "Kobe, Jure"]
[Result "1-0"]
[WhiteElo "1145"]
[BlackElo "1292"]
[PlyCount "65"]
[EventDate "2017.02.25"]
[EventType "swiss"]
[EventRounds "9"]
[EventCountry "SLO"]
[SourceTitle "CBM 177 Extra"]
[Source "ChessBase"]
[SourceDate "2017.04.27"]
[SourceVersion "1"]
[SourceVersionDate "2017.04.27"]
[SourceQuality "1"]

1. e4 e5 2. Nf3 Nc6 3. Bb5 a6 4. Ba4 Nf6 5. d3 Bc5 6. c3 0-0 7. 0-0 b5 8. Bc2 h6 9. Nbd2 d6 10. h3 Bb6 11. Re1 Re8 12. Nf1 d5 13. exd5 Qxd5 14. Bb3 Qd6 15. Be3 Bf5 16. Bxb6 cxb6 17. d4 exd4 18. Rxe8+ Rxe8 19. cxd4 Rd8 20. Ne3 Be4 21. Ne5 Nxe5 22. dxe5 Qe7 23. Qe2 Qxe5 24. Rd1 Rxd1+ 25. Qxd1 Qxb2 26. Qd8+ Kh7 27. Bxf7 Qc1+ 28. Kh2 Qe1 29. Ng4 Nxg4+ 30. hxg4 h5 31. Qg8+ Kh6 32. Qh8+ Kg5 33. Qxg7+ 1-0

[Event "SLO-ch U14"]
[Site "Ptuj"]
[Date "2017.02.28"]
[Round "5"]
[White "Lencek Kranjec, Jozi"]
[Black "Zizek, Rene"]
[Result "0-1"]
[WhiteElo "1320"]
[BlackElo "1145"]
[PlyCount "82"]
[EventDate "2017.02.25"]
[EventType "swiss"]
[EventRounds "9"]
[EventCountry "SLO"]
[SourceTitle "CBM 177 Extra"]
[Source "ChessBase"]
[SourceDate "2017.04.27"]
[SourceVersion "1"]
[SourceVersionDate "2017.04.27"]
[SourceQuality "1"]

1. e4 c5 2. d4 cxd4 3. Qxd4 Nc6 4. Qe3 Qc7 5. Nc3 a6 6. Bd2 e6 7. 0-0-0 Nf6 8. f3 b5 9. a3 Be7 10. Bd3 Ne5 11. Nge2 0-0 12. Kb1 Bb7 13. g4 d5 14. h4 Rac8 15. Rdg1 Bc5 16. Nd4 Bxd4 17. Qxd4 Nxf3 18. Qf2 Nxg1 19. Bf4 e5 20. Bd2 dxe4 21. g5 Ng4 22. Qxg1 exd3 23. Rh3 dxc2+ 24. Kxc2 Qd7 25. Rd3 Be4 26. Qg3 Qxd3+ 27. Qxd3 Bxd3+ 28. Kxd3 Rfd8+ 29. Ke2 Nh2 30. Bc1 a5 31. Ke3 b4 32. axb4 axb4 33. Ne2 Rc2 34. b3 Rd1 35. Ke4 Rxe2+ 36. Be3 Rde1 37. Kxe5 Rxe3+ 38. Kf5 Rxb3 39. g6 hxg6+ 40. Kg5 Rg3+ 41. Kf4 Rg4# 0-1

[Event "SLO-ch U14"]
[Site "Ptuj"]
[Date "2017.02.27"]
[Round "4"]
[White "Hiti, Erik"]
[Black "Zizek, Rene"]
[Result "1/2-1/2"]
[WhiteElo "1541"]
[BlackElo "1145"]
[PlyCount "50"]
[EventDate "2017.02.25"]
[EventType "swiss"]
[EventRounds "9"]
[EventCountry "SLO"]
[SourceTitle "CBM 177 Extra"]
[Source "ChessBase"]
[SourceDate "2017.04.27"]
[SourceVersion "1"]
[SourceVersionDate "2017.04.27"]
[SourceQuality "1"]

1. e4 c5 2. Nf3 e6 3. d4 cxd4 4. Nxd4 Nc6 5. Nxc6 bxc6 6. Nc3 Qc7 7. Bd3 Nf6 8. 0-0 a6 9. Be3 d5 10. f3 Bd6 11. f4 e5 12. Ne2 dxe4 13. Bc4 exf4 14. Nxf4 0-0 15. h3 Rd8 16. Qe2 Re8 17. Rad1 Bb7 18. Nh5 Be5 19. Nxf6+ Bxf6 20. Qg4 Bc8 21. Qe2 Bxh3 22. Bf4 Qb6+ 23. Be3 Qc7 24. Bf4 Qb6+ 25. Be3 Qc7 1/2-1/2

[Event "SLO-ch U14"]
[Site "Ptuj"]
[Date "2017.02.26"]
[Round "3"]
[White "Zizek, Rene"]
[Black "Kocar, Jaka"]
[Result "1/2-1/2"]
[WhiteElo "1145"]
[BlackElo "1411"]
[PlyCount "63"]
[EventDate "2017.02.25"]
[EventType "swiss"]
[EventRounds "9"]
[EventCountry "SLO"]
[SourceTitle "CBM 177 Extra"]
[Source "ChessBase"]
[SourceDate "2017.04.27"]
[SourceVersion "1"]
[SourceVersionDate "2017.04.27"]
[SourceQuality "1"]

1. d4 f5 2. c4 g6 3. Nc3 Bg7 4. e3 Nf6 5. Nf3 d6 6. Bd3 0-0 7. 0-0 c6 8. Qc2 Na6 9. a3 Nc7 10. Bd2 e6 11. Rac1 h6 12. e4 Bd7 13. Rfe1 Qc8 14. h3 g5 15. e5 dxe5 16. Nxe5 Be8 17. Nf3 Bh5 18. Ne5 Nd7 19. Be2 Bxe2 20. Rxe2 Nxe5 21. dxe5 Na6 22. b4 Qc7 23. Rce1 Nb8 24. f4 Qe7 25. g3 a5 26. Na2 axb4 27. axb4 b6 28. Be3 Nd7 29. Qd2 b5 30. cxb5 cxb5 31. Rf1 Rfd8 32. Qe1 1/2-1/2

[Event "SLO-ch U14"]
[Site "Ptuj"]
[Date "2017.02.25"]
[Round "1"]
[White "Zizek, Rene"]
[Black "Murko, Tadej"]
[Result "1/2-1/2"]
[WhiteElo "1145"]
[BlackElo "1516"]
[PlyCount "63"]
[EventDate "2017.02.25"]
[EventType "swiss"]
[EventRounds "9"]
[EventCountry "SLO"]
[SourceTitle "CBM 177 Extra"]
[Source "ChessBase"]
[SourceDate "2017.04.27"]
[SourceVersion "1"]
[SourceVersionDate "2017.04.27"]
[SourceQuality "1"]

1. e4 c5 2. Nf3 d6 3. d4 cxd4 4. Nxd4 Nf6 5. Nc3 g6 6. Be3 Bg7 7. f3 0-0 8. Qd2 Nc6 9. 0-0-0 d5 10. exd5 Nxd5 11. Nxc6 bxc6 12. Nxd5 cxd5 13. Qxd5 Qc7 14. Qxa8 Bf5 15. Qxf8+ Kxf8 16. Bd3 Be6 17. Be4 f5 18. Bd5 Bxd5 19. Rxd5 Bxb2+ 20. Kd1 Ba3 21. Rd3 Bd6 22. g3 a6 23. f4 Qb7 24. Rf1 Qb1+ 25. Ke2 Qxc2+ 26. Rd2 Qc4+ 27. Kf2 Kf7 28. Rfd1 a5 29. h4 Bb4 30. Re2 Qc6 31. Rc1 Qd5 32. Rg1 1/2-1/2

[Event "Ptuj op"]
[Site "Ptuj"]
[Date "2015.08.08"]
[Round "6"]
[White "Florjancic, Rudolf"]
[Black "Zizek, Rene"]
[Result "1-0"]
[WhiteElo "1869"]
[BlackElo "1105"]
[PlyCount "67"]
[EventDate "2015.08.03"]
[EventType "swiss"]
[EventRounds "9"]
[EventCountry "SLO"]
[SourceTitle "CBM 167 Extra"]
[Source "ChessBase"]
[SourceDate "2015.09.14"]
[SourceVersion "1"]
[SourceVersionDate "2015.09.14"]
[SourceQuality "1"]

1. e4 c5 2. Nc3 e6 3. Nf3 Nc6 4. d4 cxd4 5. Nxd4 Qc7 6. Be3 a6 7. Be2 Nf6 8. a3 Be7 9. 0-0 b5 10. f4 d6 11. Bf3 Bb7 12. Qe1 0-0 13. Nb3 Rac8 14. Qf2 Nd7 15. Rad1 Rfe8 16. Ne2 Na5 17. Nxa5 Qxa5 18. c3 Qc7 19. Nd4 d5 20. e5 Nc5 21. Be2 Na4 22. Bd3 Nc5 23. Bb1 Ne4 24. Qf3 Bc5 25. Qh5 Bxd4 26. Bxd4 f6 27. exf6 Nxf6 28. Qh4 Qf7 29. Rf3 h6 30. h3 Kf8 31. Rdf1 Ne4 32. Qe1 Nf6 33. Rg3 Nh5 34. Bg6 1-0